000 00536nam a22001937a 4500
003 KOHA_MİRAKIL
005 20250929094503.0
008 250929b tu ||||| |||| 00| 0 tur d
020 _a9786258486766
040 _aTR-AnABB
_btur
_cTR-AnABB
041 _atur
082 _a899.963
_bADA 2022
100 1 _aAdamaşvili, Beka,
245 1 0 _aBu romanda herkes ölüyor /
260 _aİstanbul :
_bKetebe Yayınları,
_c2022
300 _a188 sayfa ;
_c20 cm
650 0 4 _aGürcistan edebiyatı, roman
942 _2ddc
_cBK
999 _c8951
_d8951
900 _bGizem YORULMAZ